000 00897nam a2200277 c 4500
999 _c186554
_d186554
003 BLK
005 20200828155143.0
008 180411b bul|||||r ||||||| ||bul||
010 _aKNG00195549000
040 _aBLK
041 _aBUL
_cBUL
080 _aБългарска литература
_b821.163.2
_x-4
_z821.163.2-4
100 1 _aНинов, Николай Н.
_eпърви автор
_9365915
139 _aНинов, Николай Н.
_bН 79
245 1 0 _aЛихва за лятото
_bХудож. публицистика
_cНиколай Н. Нинов.
257 _aBGR
260 _aСофия
_bПрофиздат
_c1987
300 _a176 с.
_c17 см
380 _aX
500 _a4 660 тир.
852 _aЦб І 23286
856 4 _qpdf
856 4 _qpdf
942 _cKNG
_n0
_s1
944 _aCR
_c09.11.2016
_kПравда_Бадева
944 _aED
_c09.11.2016
_kПравда_Бадева
999 _d186554